[Event "SVK-chT1E 2223"]
[Site "Slovakia"]
[Date "2022.11.06"]
[Round "4.6"]
[White "Sedlacek, Pavol"]
[Black "Macko, Michal"]
[Result "1-0"]
[WhiteElo "2220"]
[BlackElo "2148"]
[PlyCount "69"]
[EventDate "2022.10.15"]
[EventType "team-tourn"]
[EventRounds "11"]
[EventCountry "SVK"]
[SourceTitle "EXT 2024"]
[Source "ChessBase"]
[SourceDate "2023.10.10"]
[SourceVersion "1"]
[SourceVersionDate "2023.10.10"]
[SourceQuality "1"]
[WhiteTeam "Cadca"]
[BlackTeam "Liptov Chess School II"]
[WhiteTeamCountry "SVK"]
[BlackTeamCountry "SVK"]

1. d4 Nf6 2. c4 e6 3. Nf3 d5 4. Bf4 Be7 5. Nc3 0-0 6. e3 a6 7. c5 c6 8. Bd3 b6 9. cxb6 Qxb6 10. 0-0 Nbd7 11. Na4 Qa7 12. Rc1 Bb7 13. Qc2 Rac8 14. Ne5 h6 15. Nc5 Nxc5 16. dxc5 a5 17. Qc3 Rfd8 18. h3 Nd7 19. Nxd7 Rxd7 20. Bb1 Bf8 21. Rfd1 Re8 22. e4 Red8 23. exd5 Rxd5 24. Rxd5 Rxd5 25. Be3 g6 26. Be4 Rd7 27. Qb3 a4 28. Qb6 Qxb6 29. cxb6 c5 30. Rc4 Bxe4 31. Rxe4 a3 32. b3 Rb7 33. Ra4 Rxb6 34. Ra8 Kg7 35. Rxf8 1-0

[Event "SVK-chT1E 1920"]
[Site "Slovakia"]
[Date "2020.02.23"]
[Round "9.4"]
[White "Verbovsky, Michal"]
[Black "Sedlacek, Pavol"]
[Result "1-0"]
[WhiteElo "2036"]
[BlackElo "2247"]
[PlyCount "105"]
[EventDate "2019.10.12"]
[EventType "team-tourn"]
[EventRounds "11"]
[EventCountry "SVK"]
[SourceTitle "CBM 195 Extra"]
[Source "ChessBase"]
[SourceDate "2020.05.31"]
[SourceVersion "1"]
[SourceVersionDate "2020.05.31"]
[SourceQuality "1"]
[WhiteTeam "Sabinov"]
[BlackTeam "Cadca"]
[WhiteTeamCountry "SVK"]
[BlackTeamCountry "SVK"]

1. e4 c6 2. d4 d5 3. exd5 cxd5 4. Bf4 Nc6 5. c3 Nf6 6. Bd3 g6 7. Nf3 Bg7 8. Nbd2 0-0 9. h3 a6 10. 0-0 Bd7 11. Ne5 Nxe5 12. Bxe5 Bc6 13. Nf3 Rc8 14. Qe2 Re8 15. Rfe1 e6 16. h4 Nd7 17. Bxg7 Kxg7 18. Qd2 f6 19. Bc2 e5 20. dxe5 fxe5 21. Bb3 d4 22. Ng5 Nc5 23. cxd4 h6 24. Nh3 Nxb3 25. axb3 Qd5 26. f3 Rcd8 27. Ra5 Qxd4+ 28. Qxd4 exd4 29. Raa1 d3 30. Rxe8 Rxe8 31. Rd1 Re2 32. Rxd3 Rxb2 33. Nf4 g5 34. hxg5 hxg5 35. Ne6+ Kf6 36. Nc5 g4 37. Re3 gxf3 38. gxf3 a5 39. Kf1 Rc2 40. Na4 Kf5 41. Ke1 Kf4 42. Kd1 Ra2 43. Rc3 Bxf3+ 44. Kc1 b5 45. Nb6 Be4 46. Rc5 a4 47. bxa4 bxa4 48. Rc4 a3 49. Nd5+ Kf5 50. Nb4 Ra1+ 51. Kd2 Rb1 52. Rc5+ Kf4 53. Kc3 1-0

[Event "SVK-chT1E 1920"]
[Site "Slovakia"]
[Date "2020.02.22"]
[Round "8.4"]
[White "Sedlacek, Pavol"]
[Black "Kmit, Jozef"]
[Result "1/2-1/2"]
[WhiteElo "2247"]
[BlackElo "2057"]
[PlyCount "92"]
[EventDate "2019.10.12"]
[EventType "team-tourn"]
[EventRounds "11"]
[EventCountry "SVK"]
[SourceTitle "CBM 195 Extra"]
[Source "ChessBase"]
[SourceDate "2020.05.31"]
[SourceVersion "1"]
[SourceVersionDate "2020.05.31"]
[SourceQuality "1"]
[WhiteTeam "Cadca"]
[BlackTeam "Bardejov"]
[WhiteTeamCountry "SVK"]
[BlackTeamCountry "SVK"]

1. d4 d5 2. Nf3 Bf5 3. Bf4 c6 4. Nbd2 e6 5. e3 Nd7 6. Be2 h6 7. c4 Ngf6 8. h3 Qb6 9. Qb3 Ne4 10. c5 Nxd2 11. Nxd2 Qxb3 12. Nxb3 f6 13. 0-0 e5 14. Bg3 0-0-0 15. Rac1 g5 16. Bh2 h5 17. g4 Be6 18. Kg2 Be7 19. f3 Rdg8 20. Bg3 hxg4 21. fxg4 Rh6 22. Bd3 e4 23. Be2 Rgh8 24. Rh1 f5 25. Rhf1 fxg4 26. Bxg4 Bxg4 27. hxg4 Nf6 28. Rce1 Nxg4 29. Rf7 R8h7 30. Rxh7 Rxh7 31. Nd2 Kd7 32. Nf1 Bd8 33. Nh2 Nxh2 34. Bxh2 Rf7 35. Rh1 Rh7 36. Rf1 Ke6 37. Rf8 Bc7 38. Bg1 g4 39. Rg8 g3 40. b4 Rf7 41. Ra8 a6 42. Rh8 Rg7 43. a4 Kf7 44. a5 Ke6 45. Re8+ Kf5 46. Rf8+ Ke6 1/2-1/2

[Event "SVK-chT1E 1920"]
[Site "Slovakia"]
[Date "2020.01.25"]
[Round "7.4"]
[White "Kantorik, Marian"]
[Black "Sedlacek, Pavol"]
[Result "1-0"]
[WhiteElo "2221"]
[BlackElo "2247"]
[PlyCount "107"]
[EventDate "2019.10.12"]
[EventType "team-tourn"]
[EventRounds "11"]
[EventCountry "SVK"]
[SourceTitle "CBM 194 Extra"]
[Source "ChessBase"]
[SourceDate "2020.03.31"]
[SourceVersion "1"]
[SourceVersionDate "2020.03.31"]
[SourceQuality "1"]
[WhiteTeam "Dunajov Inbest II"]
[BlackTeam "Cadca"]
[WhiteTeamCountry "SVK"]
[BlackTeamCountry "SVK"]

1. d4 d5 2. c4 e6 3. Nc3 Nf6 4. cxd5 exd5 5. Bg5 Be7 6. e3 0-0 7. Bd3 c6 8. Qc2 Nbd7 9. Nge2 Re8 10. 0-0 Nf8 11. f3 c5 12. Bb5 Bd7 13. Bxd7 Qxd7 14. Rad1 Qc6 15. dxc5 Qxc5 16. Nd4 h6 17. Bh4 Ng6 18. Bf2 Qc4 19. Nf5 Bf8 20. Rd4 Qc6 21. Rfd1 Bc5 22. R4d2 Bb4 23. Nd4 Qc8 24. Qb3 Bxc3 25. Rc2 Qd7 26. Rxc3 Rac8 27. Rdc1 a6 28. Rxc8 Rxc8 29. Rxc8+ Qxc8 30. Qc2 Qxc2 31. Nxc2 Ne5 32. Be1 Nc6 33. Kf1 Ne8 34. Ke2 Nc7 35. Bc3 Ne6 36. Kd3 Nc5+ 37. Kd2 Ne6 38. Nb4 Nxb4 39. Bxb4 Nd8 40. Kd3 Nc6 41. Bc5 f5 42. e4 dxe4+ 43. fxe4 fxe4+ 44. Kxe4 Kf7 45. Kd5 Ke8 46. Kd6 Kd8 47. Bb6+ Kc8 48. Ke6 Nb4 49. Kf7 g5 50. Kg6 Nd5 51. Bf2 Nf4+ 52. Kxh6 Nxg2 53. Kxg5 Kd7 54. Kg4 1-0

[Event "SVK-chT2C 1819"]
[Site "Slovakia"]
[Date "2019.03.02"]
[Round "8.4"]
[White "Sedlacek, Pavol"]
[Black "Giertli, Vladimir"]
[Result "1-0"]
[WhiteElo "2222"]
[BlackElo "2116"]
[PlyCount "79"]
[EventDate "2018.10.13"]
[EventType "team-tourn"]
[EventRounds "11"]
[EventCountry "SVK"]
[SourceTitle "CBM 189 Extra"]
[Source "ChessBase"]
[SourceDate "2019.06.03"]
[SourceVersion "1"]
[SourceVersionDate "2019.06.03"]
[SourceQuality "1"]
[WhiteTeam "Cadca Caissa"]
[BlackTeam "Banska Bystrica Veza"]
[WhiteTeamCountry "SVK"]
[BlackTeamCountry "SVK"]

1. d4 Nf6 2. Bf4 d6 3. e3 g6 4. Nf3 Bg7 5. h3 Nbd7 6. Be2 0-0 7. 0-0 a6 8. a4 b6 9. c4 Bb7 10. Nc3 a5 11. Qc2 c5 12. d5 Nb8 13. e4 Na6 14. e5 Nb4 15. Qd2 dxe5 16. Bxe5 Ba6 17. Rac1 Ra7 18. Rfd1 Qc8 19. Qe3 Rd8 20. Rd2 Rdd7 21. b3 Qf8 22. g4 Rd8 23. Bf1 Rad7 24. Bg3 Ra7 25. Rcd1 Nd7 26. Bg2 Re8 27. Ne4 Rd8 28. Neg5 Bc8 29. Ne6 fxe6 30. dxe6 Kh8 31. Ne5 Bxe5 32. Bxe5+ Kg8 33. Bc3 h6 34. exd7 Raxd7 35. Qe6+ Qf7 36. Qxb6 Rxd2 37. Rxd2 Rxd2 38. Bxd2 Be6 39. Qxc5 Nd3 40. Qd4 1-0

[Event "SVK-chT2C 1819"]
[Site "Slovakia"]
[Date "2018.12.15"]
[Round "5.4"]
[White "Sedlacek, Pavol"]
[Black "Kopera, Michal"]
[Result "1-0"]
[WhiteElo "2213"]
[BlackElo "2152"]
[PlyCount "101"]
[EventDate "2018.10.13"]
[EventType "team-tourn"]
[EventRounds "11"]
[EventCountry "SVK"]
[SourceTitle "CBM 189 Extra"]
[Source "ChessBase"]
[SourceDate "2019.06.03"]
[SourceVersion "1"]
[SourceVersionDate "2019.06.03"]
[SourceQuality "1"]
[WhiteTeam "Cadca Caissa"]
[BlackTeam "Zilina Mladost II"]
[WhiteTeamCountry "SVK"]
[BlackTeamCountry "SVK"]

1. d4 d5 2. Nf3 Nf6 3. c4 e6 4. g3 Be7 5. Bg2 0-0 6. 0-0 c5 7. cxd5 Nxd5 8. e4 Nf6 9. Nc3 Nc6 10. d5 exd5 11. exd5 Nb4 12. Ne1 Bg4 13. Qd2 Qa5 14. Nc2 Bf5 15. Ne3 Bd3 16. Re1 Rfe8 17. a3 c4 18. Na2 Nfxd5 19. Nxd5 Bg5 20. Ne3 Nc6 21. Bxc6 Qxd2 22. Bxd2 bxc6 23. Nb4 Bf6 24. Bc3 Bxc3 25. bxc3 c5 26. Nxd3 cxd3 27. Red1 Red8 28. Rab1 Rd6 29. Rb5 Rc8 30. c4 Rd4 31. Nf5 Rd7 32. Rxd3 Rxd3 33. Ne7+ Kf8 34. Nxc8 Rxa3 35. Rxc5 a5 36. Rd5 Ke8 37. c5 Rc3 38. Nb6 Ke7 39. Kg2 Ke6 40. Rd6+ Ke5 41. Rc6 Rb3 42. Rc7 Ke6 43. Rc6+ Ke5 44. Nd7+ Kd5 45. Rd6+ Ke4 46. Ra6 Ra3 47. Nb6 Kf5 48. c6 Rc3 49. Nd5 Rc5 50. c7 Ke5 51. Rxa5 1-0

[Event "SVK-chT2C 1718"]
[Site "Slovakia"]
[Date "2018.03.18"]
[Round "11.1"]
[White "Vacek, Ondrej"]
[Black "Sedlacek, Pavol"]
[Result "1/2-1/2"]
[WhiteElo "2111"]
[BlackElo "2220"]
[PlyCount "30"]
[EventDate "2017.10.28"]
[EventType "team-tourn"]
[EventRounds "11"]
[EventCountry "SVK"]
[SourceTitle "EXT 2020"]
[Source "ChessBase"]
[SourceDate "2019.10.17"]
[SourceVersion "1"]
[SourceVersionDate "2019.10.17"]
[SourceQuality "1"]
[WhiteTeam "Zvolen Slavia"]
[BlackTeam "Cadca Caissa"]
[WhiteTeamCountry "SVK"]
[BlackTeamCountry "SVK"]

1. Nf3 Nf6 2. c4 e6 3. g3 d5 4. d4 Be7 5. Bg2 0-0 6. 0-0 dxc4 7. Qc2 a6 8. a4 Bd7 9. Qxc4 Bc6 10. Qc2 Be4 11. Qd1 c5 12. Nbd2 Bd5 13. Nb3 cxd4 14. Nbxd4 Nc6 15. Nxc6 Bxc6 1/2-1/2

[Event "SVK-chT2C 1718"]
[Site "Slovakia"]
[Date "2017.10.29"]
[Round "2.1"]
[White "Sedlacek, Pavol"]
[Black "Koutny, Petr"]
[Result "1-0"]
[WhiteElo "2234"]
[BlackElo "2177"]
[PlyCount "125"]
[EventDate "2017.10.28"]
[EventType "team-tourn"]
[EventRounds "11"]
[EventCountry "SVK"]
[SourceTitle "CBM 181 Extra"]
[Source "ChessBase"]
[SourceDate "2017.12.12"]
[SourceVersion "1"]
[SourceVersionDate "2017.12.12"]
[SourceQuality "1"]
[WhiteTeam "Cadca Caissa"]
[BlackTeam "Bziny"]
[WhiteTeamCountry "SVK"]
[BlackTeamCountry "SVK"]

1. c4 Nf6 2. Nf3 g6 3. b3 Bg7 4. Bb2 0-0 5. g3 d5 6. cxd5 Nxd5 7. Bxg7 Kxg7 8. Bg2 Nc6 9. 0-0 e5 10. d3 Be6 11. Qd2 f6 12. Qb2 Nb6 13. Nbd2 Bd5 14. Rac1 Qe7 15. Ne4 Bxe4 16. dxe4 Rfd8 17. e3 Rd6 18. Rfd1 Rad8 19. Rxd6 Qxd6 20. h4 a5 21. a3 Qe6 22. b4 axb4 23. axb4 Qe7 24. b5 Nb4 25. Qa3 Ra8 26. Qc3 c6 27. bxc6 bxc6 28. Rb1 c5 29. g4 Na4 30. Qc4 h6 31. Kh2 Qd6 32. Qb5 Qe7 33. Rc1 Ra7 34. Bf1 Qb7 35. Nd2 Qd7 36. Qxd7+ Rxd7 37. Nb3 Nd3 38. Bxd3 Rxd3 39. Nxc5 Nxc5 40. Rxc5 h5 41. g5 Rd7 42. Rc6 fxg5 43. hxg5 Re7 44. Kg3 Rf7 45. f4 h4+ 46. Kg4 h3 47. Rc2 Ra7 48. Rh2 Ra4 49. Kf3 exf4 50. exf4 Ra3+ 51. Kg4 Re3 52. e5 Kf7 53. Rxh3 Re1 54. Rh7+ Ke6 55. Rg7 Rg1+ 56. Kf3 Rf1+ 57. Ke3 Kf5 58. Rf7+ Kg4 59. Rf6 Ra1 60. e6 Rd1 61. Ke4 Rd2 62. Ke5 Rd1 63. e7 1-0

[Event "SVK-chT2C 1617"]
[Site "Slovakia"]
[Date "2016.12.04"]
[Round "6.1"]
[White "Pechac, Jergus"]
[Black "Sedlacek, Pavol"]
[Result "1/2-1/2"]
[WhiteElo "2427"]
[BlackElo "2206"]
[PlyCount "87"]
[EventDate "2016.10.08"]
[EventType "team-tourn"]
[EventRounds "11"]
[EventCountry "SVK"]
[SourceTitle "EXT 2018"]
[Source "ChessBase"]
[SourceDate "2017.10.13"]
[SourceVersion "1"]
[SourceVersionDate "2017.10.13"]
[SourceQuality "1"]
[WhiteTeam "Zilina Mladost II"]
[BlackTeam "Cadca Caissa"]
[WhiteTeamCountry "SVK"]
[BlackTeamCountry "SVK"]

1. e4 c6 2. d4 d5 3. exd5 cxd5 4. Nf3 Nf6 5. c3 Nc6 6. Bf4 g6 7. Bd3 Bf5 8. Bxf5 gxf5 9. Qb3 Qd7 10. Ne5 Nxe5 11. Bxe5 Bg7 12. Na3 0-0 13. 0-0 Ne4 14. Rfe1 e6 15. Rad1 Rac8 16. Qb4 Rc6 17. Qb5 Qe7 18. Nb1 Bxe5 19. dxe5 Kh8 20. Qe2 Rg8 21. Rd4 a6 22. f3 Nc5 23. Nd2 b5 24. Nf1 Nd7 25. Nd2 Rg6 26. g3 Rc8 27. Kg2 Nb6 28. Qe3 Nc4 29. Nxc4 bxc4 30. Kf2 Rb8 31. Re2 a5 32. Rh4 a4 33. a3 Rb7 34. Ke1 Qc7 35. Kd1 Kg7 36. Kc1 Rb3 37. Qd4 Qe7 38. Rf4 Rb7 39. Qd1 Qd7 40. Qd4 Qb5 41. g4 fxg4 42. Rxg4 Qb3 43. Qf4 Qa2 44. Qf6+ 1/2-1/2

[Event "SVK-chT2C 1617"]
[Site "Slovakia"]
[Date "2016.11.05"]
[Round "3.1"]
[White "Sedlacek, Pavol"]
[Black "Vyparina, Matej"]
[Result "1/2-1/2"]
[WhiteElo "2206"]
[BlackElo "2213"]
[PlyCount "86"]
[EventDate "2016.10.08"]
[EventType "team-tourn"]
[EventRounds "11"]
[EventCountry "SVK"]
[SourceTitle "CBM 175 Extra"]
[Source "ChessBase"]
[SourceDate "2016.12.12"]
[SourceVersion "1"]
[SourceVersionDate "2016.12.12"]
[SourceQuality "1"]
[WhiteTeam "Cadca Caissa"]
[BlackTeam "Martin Medea"]
[WhiteTeamCountry "SVK"]
[BlackTeamCountry "SVK"]

1. c4 e5 2. Nc3 Nc6 3. g3 g6 4. Bg2 Bg7 5. e3 d6 6. Nge2 Be6 7. d4 Bg4 8. h3 Bxe2 9. Nxe2 Nge7 10. 0-0 0-0 11. d5 Nb8 12. b3 Nd7 13. Bb2 a5 14. a3 Nc5 15. b4 axb4 16. axb4 Rxa1 17. Qxa1 Nd7 18. Qa4 Nb6 19. Qb3 Qd7 20. Ra1 c6 21. dxc6 bxc6 22. c5 dxc5 23. bxc5 Nbd5 24. e4 Nc7 25. Ra7 Nc8 26. Rb7 Rd8 27. Nc3 Qe6 28. Qa3 Ne8 29. Bc1 Bf8 30. Be3 Rd7 31. Rb8 Ra7 32. Qb2 Nc7 33. Bf1 Qd7 34. Rb7 Rxb7 35. Qxb7 Ne7 36. Bc4 Qc8 37. Qb3 Ne6 38. Kg2 Nd8 39. Na4 Qc7 40. Nb6 Kg7 41. h4 Ng8 42. Qc3 Nf6 43. f3 Nb7 1/2-1/2

[Event "SVK-chT2C 1516"]
[Site "Slovakia"]
[Date "2016.02.14"]
[Round "9.1"]
[White "Sedlacek, Pavol"]
[Black "Kostelny, Jozef"]
[Result "1/2-1/2"]
[WhiteElo "2222"]
[BlackElo "2213"]
[PlyCount "87"]
[EventDate "2015.10.17"]
[EventType "team-tourn"]
[EventRounds "11"]
[EventCountry "SVK"]
[SourceTitle "EXT 2017"]
[Source "ChessBase"]
[SourceDate "2016.10.25"]
[SourceVersion "1"]
[SourceVersionDate "2016.10.25"]
[SourceQuality "1"]
[WhiteTeam "Cadca Caissa II"]
[BlackTeam "Zilina"]
[WhiteTeamCountry "SVK"]
[BlackTeamCountry "SVK"]

1. c4 Nf6 2. Nc3 g6 3. g3 Bg7 4. Bg2 0-0 5. e4 d6 6. Nge2 e5 7. 0-0 Nc6 8. d3 Nh5 9. Be3 f5 10. f4 Nd4 11. Qd2 c6 12. Kh1 Be6 13. fxe5 dxe5 14. Bg5 Qd7 15. Nxd4 Qxd4 16. exf5 gxf5 17. Rae1 Nf6 18. Bh6 Bxh6 19. Qxh6 Rae8 20. h3 Bc8 21. Qe3 Qd6 22. Rd1 Re7 23. Ne2 Rg7 24. d4 e4 25. Nf4 Qb4 26. b3 b5 27. c5 Rd8 28. Rd2 Kh8 29. Rg1 Rdg8 30. Bf1 Rxg3 31. Rxg3 Rxg3 32. Qxg3 Qxd2 33. Ne2 Bd7 34. Qe5 Kg7 35. Nf4 Kf7 36. Be2 Qe1+ 37. Kg2 Qh4 38. Qd6 e3 39. Kh1 Qe1+ 40. Kh2 Qf2+ 41. Kh1 Qe1+ 42. Kh2 Qf2+ 43. Kh1 Qe1+ 44. Kh2 1/2-1/2

[Event "SVK-chT2C 1516"]
[Site "Slovakia"]
[Date "2015.10.18"]
[Round "2.1"]
[White "Sedlacek, Pavol"]
[Black "Nagy, Gabor"]
[Result "0-1"]
[WhiteElo "2222"]
[BlackElo "2403"]
[PlyCount "112"]
[EventDate "2015.10.17"]
[EventType "team-tourn"]
[EventRounds "11"]
[EventCountry "SVK"]
[SourceTitle "CBM 169 Extra"]
[Source "ChessBase"]
[SourceDate "2015.12.18"]
[SourceVersion "1"]
[SourceVersionDate "2015.12.18"]
[SourceQuality "1"]
[WhiteTeam "Cadca Caissa II"]
[BlackTeam "Cebovce"]
[WhiteTeamCountry "SVK"]
[BlackTeamCountry "SVK"]

1. c4 c5 2. g3 Nc6 3. Bg2 g6 4. Nc3 Bg7 5. Nf3 e5 6. 0-0 Nge7 7. d3 d6 8. Ne1 Be6 9. Nc2 d5 10. cxd5 Nxd5 11. Ne3 Nde7 12. Bd2 0-0 13. Ne4 b6 14. Ng5 Bd7 15. a3 h6 16. Nf3 a5 17. a4 Be6 18. Bc3 Rb8 19. Nd2 Qd7 20. Ndc4 f5 21. f4 exf4 22. Bxg7 Kxg7 23. Rxf4 Nd4 24. Ne5 Qc7 25. N3c4 Nd5 26. Rf1 Ne3 27. Qd2 Bxc4 28. Nxc4 Nxf1 29. Rxf1 Rbd8 30. e3 Nc6 31. Qc3+ Kh7 32. Bxc6 Qxc6 33. b3 g5 34. Qc2 Qg6 35. Ne5 Qe6 36. Nc4 Rd7 37. Rf2 Rg7 38. d4 cxd4 39. exd4 Rd7 40. Qd3 Qf6 41. d5 Kh8 42. d6 f4 43. Kg2 Re8 44. Qd5 Re1 45. Qc6 Rf7 46. Qc8+ Rf8 47. Qg4 Qa1 48. Qh5 Kg7 49. Qg4 Rh1 50. Kh3 Qd4 51. Re2 Qg1 52. Qf3 Qxg3+ 53. Qxg3 fxg3 54. Re7+ Kg6 55. Kg2 Rhf1 56. Ne5+ Kh5 0-1

[Event "SVK-chT 1314"]
[Site "Slovakia"]
[Date "2013.12.08"]
[Round "4.4"]
[White "Masarik, Drahoslav"]
[Black "Sedlacek, Pavol"]
[Result "1/2-1/2"]
[WhiteElo "2034"]
[BlackElo "2231"]
[PlyCount "47"]
[EventDate "2013.11.09"]
[EventType "team-tourn"]
[EventRounds "11"]
[EventCountry "SVK"]
[SourceTitle "CBM 157 Extra"]
[Source "ChessBase"]
[SourceDate "2013.12.19"]
[SourceVersion "1"]
[SourceVersionDate "2013.12.19"]
[SourceQuality "1"]
[WhiteTeam "Trencin"]
[BlackTeam "Cadca"]
[WhiteTeamCountry "SVK"]
[BlackTeamCountry "SVK"]

1. Nf3 d5 2. d4 Nf6 3. c4 c6 4. Nc3 a6 5. cxd5 cxd5 6. Bf4 Nc6 7. e3 Bg4 8. Be2 e6 9. h3 Bxf3 10. Bxf3 Be7 11. 0-0 0-0 12. a3 Rc8 13. Rc1 Na5 14. Rc2 Qd7 15. Qb1 b5 16. b4 Nc4 17. Qb3 h6 18. a4 bxa4 19. Nxa4 Qb5 20. Rb1 a5 21. bxa5 Qxb3 22. Rxb3 Nxa5 23. Rxc8 Rxc8 24. Rb8 1/2-1/2

[Event "SVK-chT 1213"]
[Site "Slovakia"]
[Date "2013.03.01"]
[Round "9.1"]
[White "Sedlacek, Pavol"]
[Black "Palecek, Peter"]
[Result "1/2-1/2"]
[WhiteElo "2229"]
[BlackElo "2225"]
[PlyCount "20"]
[EventDate "2012.10.27"]
[EventType "team-tourn"]
[EventRounds "11"]
[EventCountry "SVK"]
[SourceTitle "EXT 2014"]
[Source "ChessBase"]
[SourceDate "2013.11.20"]
[SourceVersion "1"]
[SourceVersionDate "2013.11.20"]
[SourceQuality "1"]
[WhiteTeam "Cadca"]
[BlackTeam "Dunajov"]
[WhiteTeamCountry "SVK"]
[BlackTeamCountry "SVK"]

1. c4 c5 2. Nc3 Nc6 3. Nf3 g6 4. g3 Bg7 5. Bg2 Nf6 6. 0-0 0-0 7. d4 cxd4 8. Nxd4 Nxd4 9. Qxd4 d6 10. Qd3 a6 1/2-1/2

[Event "SVK-chT2C 1213"]
[Site "Slovakia"]
[Date "2012.12.02"]
[Round "4.2"]
[White "Kikinder, Roman"]
[Black "Sedlacek, Pavol"]
[Result "1/2-1/2"]
[WhiteElo "2119"]
[BlackElo "2229"]
[PlyCount "51"]
[EventDate "2012.10.13"]
[EventType "team-tourn"]
[EventRounds "11"]
[EventCountry "SVK"]
[SourceTitle "EXT 2015"]
[Source "ChessBase"]
[SourceDate "2014.11.20"]
[SourceVersion "1"]
[SourceVersionDate "2014.11.20"]
[SourceQuality "1"]
[WhiteTeam "Zvolen Slavia"]
[BlackTeam "Cadca Caissa II"]
[WhiteTeamCountry "SVK"]
[BlackTeamCountry "SVK"]

1. Nf3 Nf6 2. d3 d5 3. c3 c5 4. Bg5 Nc6 5. Nbd2 e6 6. e4 Be7 7. Qc2 d4 8. Be2 0-0 9. 0-0 b6 10. cxd4 Nxd4 11. Nxd4 Qxd4 12. Nf3 Qd8 13. d4 Bb7 14. e5 Nd5 15. Bxe7 Qxe7 16. dxc5 Rfc8 17. Bd3 h6 18. Qa4 Rxc5 19. a3 a6 20. Rad1 g6 21. Qg4 Kg7 22. h4 h5 23. Qg3 Qc7 24. Rfe1 Ne7 25. Ng5 Rf8 26. Qf4 1/2-1/2

[Event "SVK-chT 1213"]
[Site "Slovakia"]
[Date "2012.10.28"]
[Round "2.1"]
[White "Sedlacek, Pavol"]
[Black "Skreno, Vladimir"]
[Result "1-0"]
[WhiteElo "2229"]
[BlackElo "2165"]
[PlyCount "157"]
[EventDate "2012.10.27"]
[EventType "team-tourn"]
[EventRounds "11"]
[EventCountry "SVK"]
[SourceTitle "EXT 2013"]
[Source "ChessBase"]
[SourceDate "2012.11.22"]
[SourceVersion "1"]
[SourceVersionDate "2012.11.22"]
[SourceQuality "1"]
[WhiteTeam "Cadca"]
[BlackTeam "Nitra"]
[WhiteTeamCountry "SVK"]
[BlackTeamCountry "SVK"]

1. c4 Nf6 2. Nc3 g6 3. g3 Bg7 4. Bg2 c6 5. e4 d6 6. d4 0-0 7. Nge2 Nbd7 8. 0-0 e5 9. h3 Re8 10. Be3 Qc7 11. Re1 a6 12. Rc1 Nf8 13. Qd2 Bd7 14. b4 Rad8 15. d5 cxd5 16. cxd5 Qb8 17. b5 axb5 18. Rb1 Rc8 19. Nxb5 Bxb5 20. Rxb5 Rc4 21. Reb1 Re7 22. Qd3 Rcc7 23. Qb3 Qc8 24. g4 h6 25. Ng3 Ne8 26. Bf1 Kh7 27. a4 Bf6 28. a5 Qa8 29. Ra1 Bg5 30. Bxg5 hxg5 31. Qe3 f6 32. Rbb1 Nd7 33. a6 bxa6 34. Rxa6 Qd8 35. Qa3 Nc5 36. Ra8 Rc8 37. Ra7 Rcc7 38. Qa5 Qd7 39. Ra8 Ra7 40. Rxa7 Qxa7 41. Qd8 Qc7 42. Rb8 Qxd8 43. Rxd8 Nb7 44. Rb8 Na5 45. Bb5 Nc7 46. Ba4 Kg7 47. Rb6 Nc4 48. Rc6 Nb2 49. Bb3 Ne8 50. Rc8 Kf7 51. Nf1 Rc7 52. Rb8 Ng7 53. Ne3 Ke7 54. Kf1 Nd3 55. Ba4 Nc5 56. Bc6 Nxe4 57. Nc4 f5 58. f3 Nf6 59. Nb6 Nge8 60. Ke2 Kf7 61. Ra8 Re7 62. Nc8 Rc7 63. Kd3 e4+ 64. fxe4 fxe4+ 65. Ke3 Kg7 66. Kd4 Kf7 67. Ke3 Kg7 68. Ke2 Kf7 69. h4 gxh4 70. g5 Ng4 71. Bxe8+ Kxe8 72. Nxd6+ Ke7 73. Nxe4 Rd7 74. d6+ Kf7 75. Rh8 Kg7 76. Rxh4 Ne5 77. Nf6 Rf7 78. Rh7+ Kf8 79. Rh8+ 1-0

[Event "SVK-chT 1112"]
[Site "Slovakia"]
[Date "2012.01.14"]
[Round "5.7"]
[White "Hanko, Pavol"]
[Black "Sedlacek, Pavol"]
[Result "1/2-1/2"]
[WhiteElo "2138"]
[BlackElo "2233"]
[PlyCount "106"]
[EventDate "2011.10.22"]
[EventType "team-tourn"]
[EventRounds "11"]
[EventCountry "SVK"]
[SourceTitle "EXT 2013"]
[Source "ChessBase"]
[SourceDate "2012.11.22"]
[SourceVersion "1"]
[SourceVersionDate "2012.11.22"]
[SourceQuality "1"]
[WhiteTeam "Prievidza"]
[BlackTeam "Cadca"]
[WhiteTeamCountry "SVK"]
[BlackTeamCountry "SVK"]

1. d4 d5 2. Nf3 Nf6 3. c4 c6 4. Nc3 e6 5. Bg5 Be7 6. e3 0-0 7. Qc2 h6 8. Bh4 Nbd7 9. Rd1 b6 10. Bd3 Bb7 11. 0-0 Rc8 12. a3 Nh5 13. Bxe7 Qxe7 14. cxd5 cxd5 15. Qa4 a6 16. Rc1 Nhf6 17. b4 Ne4 18. Ne2 Nb8 19. Qb3 Qd6 20. Bb1 Nd7 21. Qd3 Rfd8 22. Rfd1 Nf8 23. Ne5 f6 24. Nf3 Qd7 25. Nd2 Nxd2 26. Qxd2 Rxc1 27. Rxc1 Rc8 28. Rxc8 Qxc8 29. Qc3 Qd7 30. h3 Bc6 31. Nf4 Bb5 32. Ng6 Nxg6 33. Bxg6 f5 34. Bh5 Bc4 35. Bd1 Kh7 36. Bc2 Kg8 37. f3 Qd6 38. Qd2 Qg3 39. Qf2 Qd6 40. Kh1 a5 41. Qd2 axb4 42. Qxb4 Qxb4 43. axb4 Kf7 44. Kh2 Kf6 45. f4 Be2 46. Kg3 Bb5 47. Bd1 Be8 48. Be2 Ba4 49. Kh4 Be8 50. Kg3 Bd7 51. Kh4 Be8 52. Kg3 Bd7 53. Kh4 Be8 1/2-1/2

[Event "SVK-chT2C 1112"]
[Site "Slovakia"]
[Date "2011.12.04"]
[Round "6.2"]
[White "Sedlacek, Pavol"]
[Black "Marman, Vladimir"]
[Result "1/2-1/2"]
[WhiteElo "2233"]
[BlackElo "2184"]
[PlyCount "94"]
[EventDate "2011.10.08"]
[EventType "team-tourn"]
[EventRounds "11"]
[EventCountry "SVK"]
[SourceTitle "EXT 2013"]
[Source "ChessBase"]
[SourceDate "2012.11.22"]
[SourceVersion "1"]
[SourceVersionDate "2012.11.22"]
[SourceQuality "1"]
[WhiteTeam "Cadca II"]
[BlackTeam "Zilina DMS"]
[WhiteTeamCountry "SVK"]
[BlackTeamCountry "SVK"]

1. c4 e6 2. d4 d5 3. Nc3 Nf6 4. cxd5 exd5 5. Bg5 c6 6. Qc2 Be7 7. e3 0-0 8. Bd3 Nbd7 9. Nge2 Re8 10. 0-0 Nf8 11. Rad1 Ng6 12. Rfe1 Bd7 13. Ng3 Qa5 14. a3 Rac8 15. Qd2 h6 16. Bxf6 Bxf6 17. Nce4 Qxd2 18. Nxf6+ gxf6 19. Rxd2 Re6 20. Nf5 Kh7 21. h4 Rg8 22. Bb1 h5 23. Kh2 Kh8 24. g3 Ne7 25. Rc1 Nxf5 26. Bxf5 Re7 27. Bd3 Kg7 28. b4 a6 29. a4 Ra8 30. Rb2 b5 31. Ra2 bxa4 32. Rc5 Be8 33. Rxa4 Rea7 34. e4 dxe4 35. Bxe4 Rd8 36. Bf3 Rxd4 37. Bxc6 Bxc6 38. Rxc6 f5 39. Rb6 f4 40. Ra5 fxg3+ 41. fxg3 Re7 42. Rg5+ Kf8 43. Rxh5 Ree4 44. Rxa6 Rxb4 45. Ra8+ Kg7 46. Rg5+ Kf6 47. Ra2 Rxh4+ 1/2-1/2